ნორმალური ფორმატი
MARC ფორმატი
ჩანაწერი Personal Name
ჩანაწერთა რაოდენობა, რომელიც გამოყენებულია: 2
001 - CONTROL NUMBER
- control field: 11299
003 - CONTROL NUMBER IDENTIFIER
- control field: GE_BSU
005 - DATE AND TIME OF LATEST TRANSACTION
- control field: 20210413141550.0
008 - FIXED-LENGTH DATA ELEMENTS
- fixed length control field: 210413|| aca||aabn | a|a d
040 ## - CATALOGING SOURCE
- Original cataloging agency: GE_BSU
- Transcribing agency: GE_BSU
100 ## - HEADING--PERSONAL NAME
- Personal name: გოგებაშვილი, ნოდარ
- Relator term: სამეცნიერო ხემძღვანელი
670 ## - SOURCE DATA FOUND
- Source citation: Work cat.: (GE_BSU)51826: შენგელია, მედეა 11298, ნაღველკენჭოვანი დაავადებების რისკის მარკერები მენოპაუზის პერიოდის ქალებში /
